01019nam a2200217Ia 4500001026300000002005100263008003700314010001100351530002200362650002900384650003600413650003700449650003200486650004800518650004500566700005300611700005300664700004600717942001900763999001900782IA_The owners of the company are working in the business and organizational strategies proposed. They are setting goals and changing de business gestion. Until now they have increased yields, gone down the costs and reduced the looses in process from 26% to 18%.PROPUESTA DE DESARROLLO PARA LA PROCESADORA DE AMA220117s xx 000 0 und d a182324 aDisponible en PDF aAmaranth grain 9147461 aAmaranth grain products9148469 aFood processing plants 9148748 aGrano de amaranto 9147464 aPlantas procesadoras de alimentos 9148749 aProductos de grano de amaranto 9148472 aAltamirano Cárdenas, J. Reyes, asesor 9163663 aCovarrubias Gutiérrez, Ignacio, asesor91636641 aSantoyo Cortés, Vinicio Horacio9147239 cTESIS M35 2016 c182324d182324